Život a dílo národohospodáře Prof. Dr. Albína Bráfa. Významní čeští národohospodáři.
Životná dráha Albína Bráfa (1851-1912) najvýznamnejšieho českého ekonóma na prelome 19.-20. storočia. A. Bráf ako vysokoškolský pedagóg a ekonomický teoretik. Predstaviteľ českého hospodárskeho obrodenia. Pomer A. Bráfa k ekonomickému učeniu K. Marxa a socializmu. Publikácie prof. JUDr. A. Bráfa (kn...
Guardado en:
| Autor principal: | |
|---|---|
| Formato: | Capítulo de libro |
| Lenguaje: | checo |
| Materias: | |
| Etiquetas: |
Sin Etiquetas, Sea el primero en etiquetar este registro!
|
MARC
| LEADER | 00000naa a2200000 4500 | ||
|---|---|---|---|
| 001 | r012959 | ||
| 005 | 20221205075422.9 | ||
| 041 | 0 | |a cze | |
| 044 | |a CZ | ||
| 245 | 1 | 0 | |a Život a dílo národohospodáře Prof. Dr. Albína Bráfa. |b Významní čeští národohospodáři. |c M. Šmejkal |
| 520 | |a Životná dráha Albína Bráfa (1851-1912) najvýznamnejšieho českého ekonóma na prelome 19.-20. storočia. A. Bráf ako vysokoškolský pedagóg a ekonomický teoretik. Predstaviteľ českého hospodárskeho obrodenia. Pomer A. Bráfa k ekonomickému učeniu K. Marxa a socializmu. Publikácie prof. JUDr. A. Bráfa (knižné súhrny viacerých prác) zverejnených či vypracovaných v r. 1874-1912. | ||
| 610 | 2 | 0 | |a Bráf, A. |
| 610 | 2 | 0 | |a teórie ekonomické |
| 610 | 2 | 0 | |a Čechy |
| 610 | 2 | 0 | |a ekonómovia |
| 610 | 2 | 0 | |a dejiny myslenia ekonomického |
| 610 | 2 | 0 | |a ekonómia politická |
| 610 | 2 | 0 | |a 1870-1912 |
| 100 | 1 | |a Šmejkal, M. | |